[Event "Joao Pessoa Fischer Memorial 10th"]
[Site "Joao Pessoa"]
[Date "2019.03.31"]
[Round "5"]
[White "Campos, Harley Ramos"]
[Black "Vital, Pablo Manoel Santan"]
[Result "1-0"]
[WhiteElo "1541"]
[BlackElo "1599"]
[PlyCount "37"]
[EventDate "2019.03.29"]
[EventType "swiss"]
[EventRounds "6"]
[EventCountry "BRA"]
[SourceTitle "CBM 190 Extra"]
[Source "ChessBase"]
[SourceDate "2019.07.15"]
[SourceVersion "1"]
[SourceVersionDate "2019.07.15"]
[SourceQuality "1"]

1. e4 d6 2. Bc4 Nf6 3. Nc3 g6 4. d4 Bg7 5. Nf3 Bg4 6. h3 Bxf3 7. Qxf3 0-0 8. 0-0 c6 9. Bg5 b5 10. Bb3 Qc7 11. Rad1 a5 12. a3 Nbd7 13. Rfe1 e5 14. d5 Rab8 15. dxc6 Qxc6 16. Qd3 Ne8 17. Be7 Nc5 18. Qd5 Qxd5 19. Nxd5 1-0

[Event "Joao Pessoa Fischer Memorial 8th"]
[Site "Joao Pessoa"]
[Date "2017.03.17"]
[Round "2"]
[White "Vital, Pablo Manoel Santan"]
[Black "Marques, Eudes Pinto"]
[Result "1/2-1/2"]
[WhiteElo "1566"]
[BlackElo "1941"]
[PlyCount "99"]
[EventDate "2017.03.17"]
[EventType "swiss"]
[EventRounds "6"]
[EventCountry "BRA"]
[SourceTitle "CBM 177 Extra"]
[Source "ChessBase"]
[SourceDate "2017.04.27"]
[SourceVersion "1"]
[SourceVersionDate "2017.04.27"]
[SourceQuality "1"]

1. d4 Nf6 2. Nf3 e6 3. Bf4 d5 4. h3 Bd6 5. Ne5 Nbd7 6. Nd2 0-0 7. Ndf3 Re8 8. e3 Nf8 9. Bd3 c6 10. c3 Bxe5 11. Nxe5 N6d7 12. Qh5 Nxe5 13. Bxe5 Bd7 14. g4 Qe7 15. g5 Red8 16. h4 Be8 17. Qf3 Ng6 18. Bg3 e5 19. Bxg6 fxg6 20. Bxe5 Bd7 21. Qg3 Bf5 22. h5 gxh5 23. Rxh5 Bg6 24. Rh4 Qe6 25. Rd1 Rf8 26. f4 a5 27. Rd2 Qf5 28. Kf2 b5 29. Qg4 Rf7 30. Qxf5 Bxf5 31. a3 Rb7 32. Bd6 Rd7 33. Bc5 Re8 34. Re2 Re6 35. Re1 Rd8 36. Bb6 Ra8 37. Bc5 a4 38. Rh2 Rae8 39. Bb6 Kf7 40. Bc7 Rg8 41. Be5 Be4 42. Rg1 Rh8 43. Rg4 Rg6 44. Rgh4 Re6 45. Ke2 Bf5 46. Kf3 Re7 47. Kg3 Ke6 48. Kf3 Bg6 49. Kg4 Rf8 50. Rf2 1/2-1/2

[Event "Potiguar-ch sf"]
[Site "Natal"]
[Date "2016.09.18"]
[Round "6.8"]
[White "Macedo, Alexandre Soares"]
[Black "Vital, Pablo Manoel Santan"]
[Result "1-0"]
[WhiteElo "1838"]
[BlackElo "1582"]
[PlyCount "41"]
[EventDate "2016.09.16"]
[EventType "swiss"]
[EventRounds "6"]
[EventCountry "BRA"]
[SourceTitle "EXT 2022"]
[Source "ChessBase"]
[SourceDate "2021.10.06"]
[SourceVersion "1"]
[SourceVersionDate "2021.10.06"]
[SourceQuality "1"]

1. b4 Nf6 2. Bb2 d6 3. d3 e5 4. Nd2 Nc6 5. b5 Ne7 6. g3 c6 7. a4 a6 8. bxc6 Nxc6 9. Bg2 Qa5 10. Ngf3 h6 11. 0-0 Be6 12. c4 Be7 13. Nb3 Qc7 14. Nfd2 Nd7 15. f4 exf4 16. gxf4 Bf6 17. d4 Nb4 18. Ba3 a5 19. Rc1 Rc8 20. f5 0-0 21. fxe6 1-0

[Event "Natal Potiguar op"]
[Site "Natal"]
[Date "2016.07.03"]
[Round "6"]
[White "Vital, Pablo Manoel Santan"]
[Black "De Oliveira, Moises Alves Leite"]
[Result "1/2-1/2"]
[WhiteElo "1577"]
[BlackElo "1710"]
[PlyCount "89"]
[EventDate "2016.07.01"]
[EventType "swiss"]
[EventRounds "6"]
[EventCountry "BRA"]
[SourceTitle "EXT 2017"]
[Source "ChessBase"]
[SourceDate "2016.10.25"]
[SourceVersion "1"]
[SourceVersionDate "2016.10.25"]
[SourceQuality "1"]

1. d4 e6 2. Nf3 Nf6 3. Bf4 d5 4. Nbd2 b6 5. e3 Bb7 6. Bd3 c5 7. c3 Nc6 8. 0-0 Be7 9. h3 0-0 10. Ne5 Nxe5 11. dxe5 Ne4 12. Bxe4 dxe4 13. Nc4 Bd5 14. Nd6 Bxd6 15. exd6 f6 16. Qa4 e5 17. c4 Qxd6 18. Rfd1 Qc6 19. Qxc6 Bxc6 20. Rd6 exf4 21. Rxc6 fxe3 22. fxe3 Rad8 23. Re6 Rfe8 24. Rxe8+ Rxe8 25. Rd1 Re7 26. Kf2 Kf7 27. Kg3 g6 28. Rd6 h5 29. h4 g5 30. Kh3 Kg6 31. g4 Rh7 32. hxg5 Kxg5 33. Rd5+ Kg6 34. Kh4 hxg4+ 35. Kxg4 Rh2 36. Rd7 Rxb2 37. Rxa7 Rb4 38. Ra6 Rxc4 39. Rxb6 Rb4 40. Rc6 Rb2 41. Rxc5 Rxa2 42. Kf4 Ra4 43. Rb5 Rc4 44. Rd5 Rb4 45. Rc5 1/2-1/2

[Event "Natal Potiguar op"]
[Site "Natal"]
[Date "2016.07.02"]
[Round "4"]
[White "Da Silva, Angelo Luiz"]
[Black "Vital, Pablo Manoel Santan"]
[Result "1-0"]
[WhiteElo "1894"]
[BlackElo "1577"]
[PlyCount "69"]
[EventDate "2016.07.01"]
[EventType "swiss"]
[EventRounds "6"]
[EventCountry "BRA"]
[SourceTitle "EXT 2017"]
[Source "ChessBase"]
[SourceDate "2016.10.25"]
[SourceVersion "1"]
[SourceVersionDate "2016.10.25"]
[SourceQuality "1"]

1. d4 Nf6 2. Nf3 e6 3. g3 c5 4. Bg2 Nc6 5. 0-0 Qb6 6. dxc5 Bxc5 7. Nc3 Ng4 8. Ne4 d5 9. Nxc5 Qxc5 10. h3 Nge5 11. Nxe5 Nxe5 12. Be3 Qc6 13. Bd4 f6 14. e4 Ng6 15. exd5 exd5 16. Re1+ Kf7 17. Bxa7 Rd8 18. Bd4 Bf5 19. c3 Qc4 20. b3 Qc7 21. a4 Ne7 22. b4 Qc4 23. Bf1 Qc8 24. Kh2 Nc6 25. Bb6 Rd6 26. a5 Ne5 27. f4 Rxb6 28. fxe5 Rc6 29. exf6 gxf6 30. Qxd5+ Be6 31. Qh5+ Kg7 32. Bd3 f5 33. Qg5+ Kf7 34. Bxf5 Bxf5 35. Re7+ 1-0

[Event "Natal Potiguar op"]
[Site "Natal"]
[Date "2016.07.01"]
[Round "1"]
[White "Vital, Pablo Manoel Santan"]
[Black "Carneiro, Vitor Roberto Castr"]
[Result "0-1"]
[WhiteElo "1577"]
[BlackElo "2408"]
[PlyCount "50"]
[EventDate "2016.07.01"]
[EventType "swiss"]
[EventRounds "6"]
[EventCountry "BRA"]
[SourceTitle "EXT 2017"]
[Source "ChessBase"]
[SourceDate "2016.10.25"]
[SourceVersion "1"]
[SourceVersionDate "2016.10.25"]
[SourceQuality "1"]

1. e4 c6 2. d4 d5 3. e5 Bf5 4. g4 Be4 5. f3 Bg6 6. h4 h5 7. Bd3 Bxd3 8. Qxd3 e6 9. g5 Ne7 10. Ne2 Nf5 11. f4 c5 12. c3 Nc6 13. b3 Rc8 14. Bb2 cxd4 15. cxd4 Nb4 16. Qb5+ Qd7 17. Qxd7+ Kxd7 18. Rh3 Nc2+ 19. Kd2 Bb4+ 20. Nbc3 Nxa1 21. Bxa1 Rc6 22. Kd3 Rhc8 23. Nb5 a6 24. Na7 Rc2 25. Nxc8 Rd2# 0-1

[Event "Natal-ch"]
[Site "Natal"]
[Date "2016.02.06"]
[Round "2"]
[White "Vital, Pablo Manoel Santan"]
[Black "Da Silva, Antonio Dutra"]
[Result "1/2-1/2"]
[WhiteElo "1553"]
[BlackElo "1798"]
[PlyCount "46"]
[EventDate "2016.02.06"]
[EventType "swiss"]
[EventRounds "6"]
[EventCountry "BRA"]
[SourceTitle "CBM 171 Extra"]
[Source "ChessBase"]
[SourceDate "2016.04.26"]
[SourceVersion "1"]
[SourceVersionDate "2016.04.26"]
[SourceQuality "1"]

1. d4 g6 2. Nf3 Bg7 3. Bf4 d6 4. e3 c5 5. c3 Bg4 6. Be2 Nd7 7. h3 Bxf3 8. Bxf3 cxd4 9. cxd4 Ngf6 10. Nd2 0-0 11. Qb3 e5 12. dxe5 dxe5 13. Bh2 Qa5 14. Rd1 Nc5 15. Qa3 Qxa3 16. bxa3 Nd3+ 17. Ke2 Rad8 18. Ne4 Nxe4 19. Bxe4 Nc5 20. Bc2 Rfe8 21. Rxd8 Rxd8 22. Rd1 Rxd1 23. Kxd1 Kf8 1/2-1/2

[Event "Natal Academia Potiguar 18th"]
[Site "Natal"]
[Date "2015.11.22"]
[Round "9.5"]
[White "Vital, Pablo Manoel Santan"]
[Black "De Barros, Sara Maria"]
[Result "0-1"]
[WhiteElo "1579"]
[BlackElo "1522"]
[PlyCount "146"]
[EventDate "2015.11.13"]
[EventType "tourn"]
[EventRounds "9"]
[EventCountry "BRA"]
[SourceTitle "EXT 2022"]
[Source "ChessBase"]
[SourceDate "2021.10.06"]
[SourceVersion "1"]
[SourceVersionDate "2021.10.06"]
[SourceQuality "1"]

1. d3 e5 2. e4 Nf6 3. Nc3 Nc6 4. Nf3 Bc5 5. Na4 Bb4+ 6. Bd2 Bxd2+ 7. Qxd2 0-0 8. Be2 d5 9. exd5 Nxd5 10. Nc3 Nf4 11. 0-0-0 Nxe2+ 12. Qxe2 Re8 13. h3 Nd4 14. Qd2 Nxf3 15. gxf3 Bf5 16. Ne4 Qd5 17. Kb1 Bg6 18. Qe3 a5 19. h4 Bf5 20. Qc5 Qxc5 21. Nxc5 b6 22. Ne4 Re6 23. Rdg1 g6 24. Ng3 Rf6 25. Rg2 Bd7 26. h5 Rxf3 27. hxg6 hxg6 28. Rh6 Kg7 29. Rgh2 Rg8 30. Ne4 Bc6 31. Ng5 Rxf2 32. Rh7+ Kf6 33. Rxf7+ Kxg5 34. Rhxf2 Rh8 35. b3 Kg4 36. Rxc7 Rh1+ 37. Kb2 Bf3 38. Rf7 Rh3 39. Rf1 g5 40. Rg1+ Rg3 41. Rxg3+ Kxg3 42. Kc3 g4 43. Kd2 Kf2 44. c3 g3 45. Rg7 g2 46. a3 e4 47. dxe4 Bxe4 48. c4 g1Q 49. Rxg1 Kxg1 50. Kc3 Kf1 51. Kd4 Bh1 52. b4 a4 53. c5 b5 54. Ke5 Ke2 55. Kd6 Kd3 56. c6 Kc4 57. Kc7 Kb3 58. Kb6 Bxc6 59. Kxc6 Kxa3 60. Kxb5 Kb3 61. Kc5 a3 62. b5 a2 63. b6 a1Q 64. Kc6 Qc3+ 65. Kd7 Qd4+ 66. Kc7 Qc5+ 67. Kb7 Kb4 68. Ka8 Qa5+ 69. Kb7 Kb5 70. Kb8 Qxb6+ 71. Ka8 Qc6+ 72. Ka7 Qd7+ 73. Kb8 Kb6 0-1

[Event "Natal Academia Potiguar 18th"]
[Site "Natal"]
[Date "2015.11.14"]
[Round "3.3"]
[White "Do Nascimento, Igor Oliveira"]
[Black "Vital, Pablo Manoel Santan"]
[Result "1/2-1/2"]
[WhiteElo "1497"]
[BlackElo "1579"]
[PlyCount "76"]
[EventDate "2015.11.13"]
[EventType "tourn"]
[EventRounds "9"]
[EventCountry "BRA"]
[SourceTitle "EXT 2022"]
[Source "ChessBase"]
[SourceDate "2021.10.06"]
[SourceVersion "1"]
[SourceVersionDate "2021.10.06"]
[SourceQuality "1"]

1. e4 e6 2. c4 b6 3. d4 Bb7 4. Nc3 c5 5. d5 d6 6. Nf3 Nd7 7. Be2 Ngf6 8. a3 exd5 9. cxd5 Be7 10. 0-0 0-0 11. Be3 Ng4 12. Bf4 f5 13. exf5 Rxf5 14. Bg3 Nde5 15. h3 Nxf3+ 16. Bxf3 Ne5 17. Bxe5 Rxe5 18. Re1 Bf6 19. Ne4 Bc8 20. Nxf6+ Qxf6 21. Rxe5 Qxe5 22. Qe2 Bb7 23. Qxe5 dxe5 24. Re1 Re8 25. Be4 g6 26. g3 Kf7 27. Kg2 Kf6 28. h4 b5 29. b3 Rc8 30. Rc1 c4 31. b4 Ra8 32. Kf3 a5 33. g4 axb4 34. axb4 Ra3+ 35. Kg2 Ra2 36. g5+ Ke7 37. d6+ Kxd6 38. Bxb7 Rb2 1/2-1/2

[Event "Potiguar-ch sf"]
[Site "Natal"]
[Date "2015.09.07"]
[Round "7"]
[White "Vital, Pablo Manoel Santan"]
[Black "Sallaberry, Ana Paula Nogueira"]
[Result "1-0"]
[WhiteElo "1564"]
[BlackElo "1617"]
[PlyCount "81"]
[EventDate "2015.09.04"]
[EventType "swiss"]
[EventRounds "7"]
[EventCountry "BRA"]
[SourceTitle "EXT 2022"]
[Source "ChessBase"]
[SourceDate "2021.10.06"]
[SourceVersion "1"]
[SourceVersionDate "2021.10.06"]
[SourceQuality "1"]

1. d4 d6 2. Bf4 Nf6 3. Nf3 g6 4. e3 Bg7 5. Be2 0-0 6. 0-0 Nbd7 7. Nbd2 b6 8. c4 Bb7 9. Qb3 c5 10. d5 h6 11. h3 Nh5 12. Bh2 Ndf6 13. g4 Bc8 14. Ne1 Nxg4 15. Bxg4 Nf6 16. Bxc8 Qxc8 17. e4 Nh7 18. f4 f5 19. Qd3 Bxb2 20. Rb1 Bg7 21. exf5 Rxf5 22. Qe4 Qd7 23. Qe6+ Qxe6 24. dxe6 Bd4+ 25. Kh1 Raf8 26. Nef3 Bf6 27. Rg1 g5 28. Nh4 Bd4 29. Rg2 R5f6 30. f5 Kh8 31. Ng6+ Rxg6 32. fxg6 Nf6 33. Rf1 Kg7 34. Bg1 Bc3 35. Rgf2 Kxg6 36. Ne4 Be5 37. Nxf6 exf6 38. Bh2 Bxh2 39. Kxh2 Kg7 40. Re2 Re8 41. Rfe1 1-0

[Event "Natal Academia Potiguar 8th"]
[Site "Natal"]
[Date "2015.06.05"]
[Round "1.8"]
[White "Vital, Pablo Manoel Santan"]
[Black "Jordao Barbosa, Marcio Ferre"]
[Result "0-1"]
[WhiteElo "1472"]
[BlackElo "1952"]
[PlyCount "42"]
[EventDate "2015.06.05"]
[EventType "swiss"]
[EventRounds "5"]
[EventCountry "BRA"]
[SourceTitle "EXT 2022"]
[Source "ChessBase"]
[SourceDate "2021.10.06"]
[SourceVersion "1"]
[SourceVersionDate "2021.10.06"]
[SourceQuality "1"]

1. e4 e5 2. Nf3 Nc6 3. d4 exd4 4. Nxd4 Nf6 5. Nxc6 bxc6 6. e5 Qe7 7. Qe2 Nd5 8. Nd2 g6 9. Nf3 Rb8 10. c4 Ba6 11. Qc2 Nb6 12. b3 Bg7 13. Bb2 0-0 14. Be2 Rfe8 15. 0-0 d6 16. Nd4 Qxe5 17. Nxc6 Qxb2 18. Qxb2 Bxb2 19. Rab1 Rxe2 20. Nxb8 Bb7 21. b4 Nxc4 0-1

[Event "Recife Arraes Memorial 8th"]
[Site "Recife"]
[Date "2015.05.01"]
[Round "1"]
[White "Vital, Pablo Manoel Santan"]
[Black "Azevedo, Edmundo Roberto Ram"]
[Result "0-1"]
[WhiteElo "1479"]
[BlackElo "2050"]
[PlyCount "70"]
[EventDate "2015.05.01"]
[EventType "swiss"]
[EventRounds "6"]
[EventCountry "BRA"]
[SourceTitle "EXT 2016"]
[Source "ChessBase"]
[SourceDate "2015.10.08"]
[SourceVersion "1"]
[SourceVersionDate "2015.10.08"]
[SourceQuality "1"]

1. e4 c6 2. d4 d5 3. Nc3 e6 4. e5 c5 5. Nf3 Nc6 6. Bb5 Bd7 7. Bxc6 Bxc6 8. Be3 cxd4 9. Nxd4 Qc7 10. Nf3 Bb4 11. Qd4 Ba5 12. a3 Ne7 13. b4 Bb6 14. Qd3 Bxe3 15. fxe3 Rc8 16. Nd1 Ba4 17. Rc1 0-0 18. c3 Nc6 19. 0-0 Bxd1 20. Rfxd1 Nxe5 21. Nxe5 Qxe5 22. Qd4 Qb8 23. Rf1 Rc4 24. Qd3 Qe5 25. Rc2 Rfc8 26. Rfc1 Rh4 27. g3 Rhc4 28. a4 h5 29. Kg2 h4 30. gxh4 Rxh4 31. Kh1 Rh3 32. Re1 Rc4 33. Rg1 Rxe3 34. Rxg7+ Kxg7 35. Rg2+ Kh8 0-1

[Event "Recife Regiao op"]
[Site "Recife"]
[Date "2014.11.02"]
[Round "7"]
[White "Vital, Pablo Manoel Santan"]
[Black "Aguiar, Jarbas Souza"]
[Result "0-1"]
[WhiteElo "1683"]
[BlackElo "1748"]
[PlyCount "53"]
[EventDate "2014.10.30"]
[EventType "swiss"]
[EventRounds "7"]
[EventCountry "BRA"]
[SourceTitle "EXT 2015"]
[Source "ChessBase"]
[SourceDate "2014.11.20"]
[SourceVersion "1"]
[SourceVersionDate "2014.11.20"]
[SourceQuality "1"]

1. e4 Nc6 2. Nf3 e5 3. d4 exd4 4. Nxd4 Nxd4 5. Qxd4 Nf6 6. Nc3 Be7 7. Be3 d6 8. 0-0-0 Be6 9. Be2 0-0 10. h3 c5 11. Qd2 a6 12. f3 b5 13. Nd5 Nxd5 14. exd5 Bd7 15. g4 b4 16. f4 Qa5 17. Kb1 Bb5 18. Rh2 c4 19. f5 Bf6 20. Bd4 c3 21. Qe1 Bxd4 22. Rxd4 Rfe8 23. Qf1 Re3 24. Rd1 Rae8 25. Bxb5 axb5 26. bxc3 bxc3 27. Qf4 0-1